000 01152cad a22002055a 4500
001 L149323
008 100219e20101014xxk f 000 0 eng d
035 _a(Sirsi) u149323
041 0 _aeng
110 2 _aFederation of Master Builders
_9465
245 0 0 _aBuilding industry still deep in recession warns Federation of Master Builders
_h[electronic resource]
260 _c2010
490 _aFederation of Master Builders State of Trade Survey
_vFourth quarter 2009
520 _aThe Federation of Master Builders' latest survey reports that workloads in the construction sector are still falling, with 50% of FMB builders reporting lower workloads and only 15% reporting an increase over the last three months. Confidence is stronger among specialist builders than among general builders, but general opinion is that the recession is far from over.
590 _aKA NTK
651 4 _aUnited Kingdom
_y
690 _aBUILT ENVIRONMENT-CONSTRUCTION MARKET
856 4 0 _uhttps://www.fmb.org.uk/news/press-releases/2010/january/building-industry-still-deep-in-recession-warns-fmb250110/
_zView the item free of charge at www.fmb.org.uk
942 _n0
999 _c82132
_d82132